[Event "Montevideo Cao Memorial"]
[Site "Montevideo"]
[Date "2018.11.14"]
[Round "4"]
[White "Fernandez Cuneo, Carlos"]
[Black "Shih Ferreira, Yin Chieh"]
[Result "1/2-1/2"]
[WhiteElo "1637"]
[BlackElo "1434"]
[PlyCount "110"]
[EventDate "2018.11.07"]
[EventType "swiss"]
[EventRounds "7"]
[EventCountry "URU"]
[SourceTitle "CBM 187 Extra"]
[Source "ChessBase"]
[SourceDate "2018.11.04"]
[SourceVersion "1"]
[SourceVersionDate "2018.11.04"]
[SourceQuality "1"]

1. e4 e6 2. d4 d5 3. e5 c5 4. Nf3 Nc6 5. Bd3 cxd4 6. 0-0 Nge7 7. Nbd2 Ng6 8. Re1 Qc7 9. Nb3 Ngxe5 10. Nxe5 Nxe5 11. Nxd4 Nxd3 12. Qxd3 Be7 13. Nb5 Qc6 14. Bf4 0-0 15. Nc7 Bd7 16. Nxa8 Rxa8 17. c3 f6 18. Qg3 e5 19. Bh6 Bf8 20. Rad1 g6 21. Bxf8 Rxf8 22. h4 Kg7 23. Qd3 Be6 24. b3 Rc8 25. Rc1 Bf5 26. Qe3 Qa6 27. Qd2 Rd8 28. Qe3 Qxa2 29. Ra1 Qxb3 30. Rxa7 d4 31. cxd4 Qxe3 32. fxe3 exd4 33. Rxb7+ Kh6 34. exd4 Rxd4 35. g3 Rd3 36. Ree7 Kh5 37. Rxh7+ Kg4 38. Kf2 Rf3+ 39. Ke2 Kxg3 40. h5 Rf2+ 41. Ke1 Ra2 42. hxg6 Ra1+ 43. Kd2 Ra2+ 44. Kc3 Ra3+ 45. Rb3 Rxb3+ 46. Kxb3 Kf4 47. Kc3 Bxg6 48. Rh4+ Kg5 49. Rh8 Bh5 50. Kd4 f5 51. Ke5 Bg4 52. Rg8+ Kh4 53. Kf4 Kh3 54. Ke3 Kg3 55. Rf8 Kh4 1/2-1/2

[Event "Montevideo Cao Memorial"]
[Site "Montevideo"]
[Date "2018.11.07"]
[Round "1"]
[White "Caitano, Martin Joel"]
[Black "Fernandez Cuneo, Carlos"]
[Result "1-0"]
[WhiteElo "2097"]
[BlackElo "1637"]
[PlyCount "147"]
[EventDate "2018.11.07"]
[EventType "swiss"]
[EventRounds "7"]
[EventCountry "URU"]
[SourceTitle "CBM 187 Extra"]
[Source "ChessBase"]
[SourceDate "2018.11.04"]
[SourceVersion "1"]
[SourceVersionDate "2018.11.04"]
[SourceQuality "1"]

1. d4 Nf6 2. c4 e6 3. Nf3 d5 4. Bg5 Be7 5. Nc3 c5 6. dxc5 Bxc5 7. e3 Be7 8. cxd5 exd5 9. Bb5+ Nc6 10. 0-0 0-0 11. h3 a6 12. Ba4 b5 13. Bb3 Be6 14. Nd4 Rc8 15. Nxc6 Rxc6 16. Qf3 Rc5 17. Rad1 Qc7 18. Rd4 h6 19. Bh4 a5 20. Rfd1 a4 21. Bg3 Bd6 22. Bxd6 Qxd6 23. Bxd5 Nxd5 24. Nxd5 Bxd5 25. Rxd5 Rxd5 26. Qxd5 Qb4 27. Qd4 Qa5 28. Qd2 Qc7 29. Rc1 Qb7 30. Qb4 Qd5 31. a3 Rb8 32. Rc5 Qd1+ 33. Kh2 Qd6+ 34. g3 Qf6 35. Kg2 g5 36. e4 Qe6 37. e5 f6 38. Qe4 f5 39. Qd4 Re8 40. Rxb5 Qc6+ 41. Qd5+ Qxd5+ 42. Rxd5 Rb8 43. Rd2 Kf7 44. Kf1 Ke6 45. f4 gxf4 46. gxf4 h5 47. Rd6+ Kf7 48. Rf6+ Ke7 49. Ra6 Rxb2 50. Rxa4 h4 51. Ra7+ Ke6 52. Rh7 Rb3 53. Rxh4 Rxa3 54. Kg2 Ra2+ 55. Kf3 Ra3+ 56. Ke2 Kd5 57. Kd2 Rg3 58. Rh8 Ke4 59. e6 Rg7 60. Kc3 Rc7+ 61. Kd2 Kxf4 62. h4 Re7 63. Rh6 Ke5 64. Ke3 Rg7 65. Kf3 Re7 66. h5 Rxe6 67. Rh8 Kf6 68. Rg8 Kf7 69. Rg5 Rf6 70. Kf4 Ke6 71. Rg1 Kf7 72. Kg5 f4 73. Ra1 Kg7 74. h6+ 1-0

[Event "Montevideo Trebejos op 07"]
[Site "Montevideo"]
[Date "2018.07.27"]
[Round "7"]
[White "Fernandez Cuneo, Carlos"]
[Black "Altuna, Pedro"]
[Result "1-0"]
[WhiteElo "1616"]
[BlackElo "1522"]
[PlyCount "25"]
[EventDate "2018.07.11"]
[EventType "swiss"]
[EventRounds "7"]
[EventCountry "URU"]
[SourceTitle "EXT 2019"]
[Source "ChessBase"]
[SourceDate "2018.10.10"]
[SourceVersion "1"]
[SourceVersionDate "2018.10.10"]
[SourceQuality "1"]

1. e4 c5 2. Nf3 Nc6 3. c3 e5 4. d4 d5 5. exd5 Qxd5 6. Be3 c4 7. Nbd2 b5 8. a4 Ba6 9. axb5 Bxb5 10. b3 Nxd4 11. cxd4 Bb4 12. bxc4 Bxc4 13. Qa4+ 1-0

[Event "Montevideo Trebejos op 07"]
[Site "Montevideo"]
[Date "2018.07.23"]
[Round "5"]
[White "Fernandez Cuneo, Carlos"]
[Black "Moreno, Diego"]
[Result "1-0"]
[WhiteElo "1616"]
[BlackElo "1366"]
[PlyCount "70"]
[EventDate "2018.07.11"]
[EventType "swiss"]
[EventRounds "7"]
[EventCountry "URU"]
[SourceTitle "EXT 2019"]
[Source "ChessBase"]
[SourceDate "2018.10.10"]
[SourceVersion "1"]
[SourceVersionDate "2018.10.10"]
[SourceQuality "1"]

1. e4 e5 2. Nf3 Nc6 3. c3 Nf6 4. d3 Be7 5. Be2 0-0 6. Bg5 d5 7. Nbd2 Be6 8. 0-0 Qd7 9. b4 Rfd8 10. b5 Na5 11. Nxe5 Qxb5 12. d4 Qb2 13. exd5 Nxd5 14. Bxe7 Nxe7 15. Ne4 Bd5 16. Nd3 Qa3 17. Bf3 Bxe4 18. Bxe4 Qxc3 19. Qh5 f5 20. Bxf5 Nxf5 21. Qxf5 Rxd4 22. Ne5 Rd6 23. Qf7+ Kh8 24. Qe7 Rf6 25. Rac1 Qd2 26. Rxc7 Qh6 27. Nf7+ Rxf7 28. Qxf7 Qg6 29. Qd7 h6 30. Re1 Rb8 31. h3 Nc6 32. Rc8+ Rxc8 33. Qxc8+ Kh7 34. Re8 Qb1+ 35. Kh2 Qf5 1-0

[Event "Montevideo Trebejos op 07"]
[Site "Montevideo"]
[Date "2018.07.16"]
[Round "3"]
[White "Fernandez Cuneo, Carlos"]
[Black "Savino, Horacio"]
[Result "0-1"]
[WhiteElo "1616"]
[BlackElo "1835"]
[PlyCount "72"]
[EventDate "2018.07.11"]
[EventType "swiss"]
[EventRounds "7"]
[EventCountry "URU"]
[SourceTitle "EXT 2019"]
[Source "ChessBase"]
[SourceDate "2018.10.10"]
[SourceVersion "1"]
[SourceVersionDate "2018.10.10"]
[SourceQuality "1"]

1. e4 e6 2. d4 d5 3. e5 c5 4. Nf3 Nc6 5. Bd3 cxd4 6. 0-0 Nge7 7. Re1 Ng6 8. Nbd2 Bd7 9. Nb3 Bb4 10. Re2 Qb6 11. a3 Be7 12. Bxg6 hxg6 13. Nbxd4 Rc8 14. b4 a5 15. Be3 Nxd4 16. Nxd4 Qc7 17. bxa5 Qxe5 18. Nf3 Qh5 19. Bf4 g5 20. Bg3 f5 21. Nd4 f4 22. Rxe6 Qxd1+ 23. Rxd1 Bxe6 24. Nxe6 Rxc2 25. Bxf4 gxf4 26. Nxf4 d4 27. g4 Bf6 28. Nd5 Rc4 29. Rb1 0-0 30. Rxb7 Rd8 31. Nb6 Rc1+ 32. Kg2 d3 33. a6 d2 34. a7 d1Q 35. Rb8 Qf1+ 36. Kf3 Rc3+ 0-1

[Event "URU-ch Seniors 65"]
[Site "Montevideo"]
[Date "2018.06.16"]
[Round "3.3"]
[White "Fernandez Cuneo, Carlos"]
[Black "Barcelo Fraixanet, Mario"]
[Result "1/2-1/2"]
[WhiteElo "1651"]
[BlackElo "1547"]
[PlyCount "88"]
[EventDate "2018.06.15"]
[EventType "tourn"]
[EventRounds "5"]
[EventCountry "URU"]
[SourceTitle "EXT 2019"]
[Source "ChessBase"]
[SourceDate "2018.10.10"]
[SourceVersion "1"]
[SourceVersionDate "2018.10.10"]
[SourceQuality "1"]

1. e4 e5 2. Nf3 Nf6 3. d3 Nc6 4. c3 d5 5. exd5 Qxd5 6. c4 Qd8 7. Nc3 h6 8. h3 Bc5 9. Be2 0-0 10. 0-0 Re8 11. Be3 Bd4 12. Qd2 Qe7 13. Ne4 Bxe3 14. Qxe3 Bf5 15. Ng3 Bh7 16. Nh4 Nd4 17. Rac1 Qe6 18. Nf3 Rad8 19. Ne4 Nxe4 20. dxe4 c5 21. Nd2 Nxe2+ 22. Qxe2 Rd4 23. f4 exf4 24. Rxf4 b6 25. Rcf1 Bg6 26. Nf3 Rxe4 27. Qd2 Rxf4 28. Qxf4 Qe3+ 29. Qxe3 Rxe3 30. Kf2 Re7 31. Rd1 f6 32. a3 Kf7 33. g4 Be4 34. h4 Bxf3 35. Kxf3 g6 36. g5 hxg5 37. hxg5 fxg5 38. Kg4 Kg7 39. Kxg5 Rf7 40. Rd6 Rf5+ 41. Kg4 Rf2 42. b4 cxb4 43. axb4 Rf6 44. Rd7+ Rf7 1/2-1/2

[Event "Montevideo Andrea Memorial 3rd"]
[Site "Montevideo"]
[Date "2018.05.08"]
[Round "1"]
[White "Fernandez Cuneo, Carlos"]
[Black "Gaye, Gustavo"]
[Result "0-1"]
[WhiteElo "1642"]
[BlackElo "2004"]
[PlyCount "92"]
[EventDate "2018.05.08"]
[EventType "swiss"]
[EventRounds "6"]
[EventCountry "URU"]
[SourceTitle "CBM 184 Extra"]
[Source "ChessBase"]
[SourceDate "2018.06.28"]
[SourceVersion "1"]
[SourceVersionDate "2018.06.28"]
[SourceQuality "1"]

1. e4 c5 2. Nf3 g6 3. c3 Bg7 4. d4 cxd4 5. cxd4 d5 6. e5 f6 7. Nc3 Nc6 8. Bb5 Bg4 9. Be2 e6 10. 0-0 Bxf3 11. Bxf3 fxe5 12. dxe5 Nh6 13. Bxh6 Bxh6 14. Bg4 Qe7 15. f4 0-0 16. g3 Rfe8 17. Kg2 Qb4 18. Nxd5 exd5 19. Qxd5+ Kh8 20. Bd7 Red8 21. e6 Bg7 22. Rad1 Ne7 23. Qd6 Qxb2+ 24. Rf2 Qf6 25. g4 Bf8 26. g5 Qf5 27. h3 Qe4+ 28. Kg1 Nf5 29. Qd5 Qxd5 30. Rxd5 b6 31. Rfd2 Be7 32. a4 a5 33. Re2 Rac8 34. Rxf5 Rc1+ 35. Kg2 gxf5 36. h4 Kg7 37. h5 Rc3 38. Re5 Rc5 39. Re2 Rd5 40. Kg3 Kf8 41. Re5 Rxe5 42. fxe5 Bxg5 43. e7+ Kxe7 44. Bxf5 h6 45. Kf3 Rd4 46. Be4 Rxa4 0-1

[Event "Montevideo Trebejos Verano op"]
[Site "Montevideo"]
[Date "2018.01.15"]
[Round "1"]
[White "Fernandez Cuneo, Carlos"]
[Black "Saralegui Cassan, Mario"]
[Result "0-1"]
[WhiteElo "1652"]
[BlackElo "2079"]
[PlyCount "90"]
[EventDate "2018.01.15"]
[EventType "swiss"]
[EventRounds "6"]
[EventCountry "URU"]
[SourceTitle "CBM 182 Extra"]
[Source "ChessBase"]
[SourceDate "2018.02.23"]
[SourceVersion "1"]
[SourceVersionDate "2018.02.23"]
[SourceQuality "1"]

1. e4 e5 2. Nf3 Nc6 3. c3 Nf6 4. d3 d5 5. exd5 Nxd5 6. Be2 Be7 7. 0-0 0-0 8. c4 Nf6 9. Nc3 h6 10. h3 Bf5 11. Be3 Qd7 12. d4 exd4 13. Bxd4 Rad8 14. Be3 a6 15. a3 Rfe8 16. Qxd7 Rxd7 17. Rad1 Red8 18. Rxd7 Rxd7 19. b4 Bd3 20. b5 Bxe2 21. bxc6 Bxf1 22. cxd7 Bxc4 23. Bc5 Bd8 24. Ne5 Be6 25. f4 Nxd7 26. Nxd7 Bxd7 27. Kf2 b6 28. Be3 Be7 29. Nd5 Bd6 30. g4 Bc6 31. Nb4 Bb7 32. h4 a5 33. Nc2 Be4 34. Nd4 Bxa3 35. Nb5 Bb2 36. Nxc7 a4 37. Nb5 Bd3 38. Bd4 a3 39. Bxb2 axb2 40. Nc3 b1Q 41. Nxb1 Bxb1 42. Ke3 b5 43. g5 h5 44. Kd4 Ba2 45. f5 b4 0-1

[Event "Montevideo Cuartos Trebejos"]
[Site "Montevideo"]
[Date "2017.12.18"]
[Round "4.6"]
[White "Benitez, Julio"]
[Black "Fernandez Cuneo, Carlos"]
[Result "1/2-1/2"]
[WhiteElo "1580"]
[BlackElo "1637"]
[PlyCount "72"]
[EventDate "2017.12.11"]
[EventType "swiss"]
[EventRounds "5"]
[EventCountry "URU"]
[SourceTitle "EXT 2024"]
[Source "ChessBase"]
[SourceDate "2023.10.10"]
[SourceVersion "1"]
[SourceVersionDate "2023.10.10"]
[SourceQuality "1"]

1. d4 Nf6 2. c4 e6 3. Nc3 d5 4. Nf3 c5 5. e3 cxd4 6. exd4 Nc6 7. cxd5 exd5 8. Bb5 Be7 9. 0-0 0-0 10. Bxc6 bxc6 11. a3 Bg4 12. Qd3 g6 13. Ne5 Bf5 14. Qe3 Rc8 15. b4 Re8 16. Bb2 Bf8 17. h3 Bg7 18. Rfe1 Nd7 19. Qg3 Nxe5 20. dxe5 d4 21. Na4 Qd5 22. Rad1 Bxe5 23. f4 Bg7 24. Qf2 Rxe1+ 25. Rxe1 d3 26. Bxg7 Kxg7 27. Qb2+ Kg8 28. Nc5 d2 29. Rd1 Rd8 30. Nb3 Qe6 31. Rxd2 Qe1+ 32. Kh2 Re8 33. Nd4 Be4 34. Re2 Qf1 35. Nf3 Qd1 36. Rd2 Qf1 1/2-1/2

[Event "Montevideo Cuartos Trebejos"]
[Site "Montevideo"]
[Date "2017.12.11"]
[Round "1.5"]
[White "Fernandez Cuneo, Carlos"]
[Black "Rodriguez Farias, Victor Hugo"]
[Result "1/2-1/2"]
[WhiteElo "1637"]
[BlackElo "1859"]
[PlyCount "63"]
[EventDate "2017.12.11"]
[EventType "swiss"]
[EventRounds "5"]
[EventCountry "URU"]
[SourceTitle "EXT 2024"]
[Source "ChessBase"]
[SourceDate "2023.10.10"]
[SourceVersion "1"]
[SourceVersionDate "2023.10.10"]
[SourceQuality "1"]

1. e4 c5 2. Nf3 Nc6 3. c3 e6 4. d4 d5 5. e5 Qb6 6. Bd3 Bd7 7. 0-0 cxd4 8. cxd4 Nxd4 9. Nbd2 Nc6 10. Nb3 Nge7 11. Be3 Qc7 12. Rc1 Ng6 13. Bxg6 hxg6 14. Nc5 Nxe5 15. g3 Nxf3+ 16. Qxf3 Bc6 17. Qg4 Qe5 18. h4 Qh5 19. Qh3 d4 20. Bxd4 Qf3 21. Nxe6 Rxh4 22. Nc7+ Kd8 23. Qxh4+ Be7 24. Qh3 Kxc7 25. Bxg7 Bf6 26. Rxc6+ bxc6 27. Bxf6 Qxf6 28. b3 Rh8 29. Qg2 Rh5 30. Qe4 Re5 31. Qd4 c5 32. Qd2 1/2-1/2

[Event "Montevideo Trebejos op 11"]
[Site "Montevideo"]
[Date "2017.11.10"]
[Round "2"]
[White "Fernandez Cuneo, Carlos"]
[Black "Rodriguez Farias, Victor Hugo"]
[Result "1/2-1/2"]
[WhiteElo "1642"]
[BlackElo "1862"]
[PlyCount "88"]
[EventDate "2017.11.08"]
[EventType "swiss"]
[EventRounds "7"]
[EventCountry "URU"]
[SourceTitle "CBM 181 Extra"]
[Source "ChessBase"]
[SourceDate "2017.12.12"]
[SourceVersion "1"]
[SourceVersionDate "2017.12.12"]
[SourceQuality "1"]

1. e4 c5 2. Nf3 Nc6 3. c3 Nf6 4. e5 Nd5 5. d4 e6 6. Bc4 Nb6 7. Bb3 cxd4 8. cxd4 d6 9. 0-0 dxe5 10. dxe5 Qxd1 11. Rxd1 Bd7 12. Nc3 Rd8 13. Ne4 Nc8 14. Bg5 Be7 15. Nd6+ Nxd6 16. exd6 Bxg5 17. Nxg5 Na5 18. Bc2 Bc6 19. Rd3 Nc4 20. b3 Nxd6 21. Rad1 Bd5 22. Re3 Kf8 23. Nxh7+ Rxh7 24. Bxh7 g6 25. g4 Kg7 26. Bxg6 Kxg6 27. h4 Rh8 28. h5+ Kg5 29. f3 f5 30. Rd4 fxg4 31. fxg4 Rc8 32. Re5+ Kf6 33. Rexd5 exd5 34. Rxd5 Ke6 35. Rg5 Ne4 36. Rg7 Nd6 37. g5 Rc5 38. h6 Rc1+ 39. Kg2 Rc2+ 40. Kg1 Rc8 41. h7 Rc1+ 42. Kg2 Rc2+ 43. Kh3 Rc1 44. Kg2 Rc2+ 1/2-1/2

[Event "Montevideo La Proa op 1st"]
[Site "Montevideo"]
[Date "2017.10.11"]
[Round "3"]
[White "Cucchi, Leonardo"]
[Black "Fernandez Cuneo, Carlos"]
[Result "0-1"]
[WhiteElo "1312"]
[BlackElo "1680"]
[PlyCount "42"]
[EventDate "2017.09.27"]
[EventType "swiss"]
[EventRounds "5"]
[EventCountry "URU"]
[SourceTitle "EXT 2019"]
[Source "ChessBase"]
[SourceDate "2018.10.10"]
[SourceVersion "1"]
[SourceVersionDate "2018.10.10"]
[SourceQuality "1"]

1. e4 c5 2. Nf3 d6 3. d4 cxd4 4. Nxd4 Nf6 5. Nc3 a6 6. Be2 e5 7. Nb3 Be7 8. Be3 b5 9. g4 Bb7 10. f3 Nc6 11. Nd5 Nxd5 12. exd5 Bh4+ 13. Kf1 Nb4 14. c4 bxc4 15. Bxc4 Rc8 16. Rc1 Nxa2 17. Nc5 Nxc1 18. Nxb7 Qc7 19. Nxd6+ Qxd6 20. Qxc1 0-0 21. Ke2 Rfe8 0-1

[Event "Montevideo Trebejos op 10"]
[Site "Montevideo"]
[Date "2017.10.05"]
[Round "2"]
[White "Beloso, Fabrizio"]
[Black "Fernandez Cuneo, Carlos"]
[Result "1/2-1/2"]
[WhiteElo "1814"]
[BlackElo "1663"]
[PlyCount "59"]
[EventDate "2017.10.03"]
[EventType "swiss"]
[EventRounds "6"]
[EventCountry "URU"]
[SourceTitle "CBM 181 Extra"]
[Source "ChessBase"]
[SourceDate "2017.12.12"]
[SourceVersion "1"]
[SourceVersionDate "2017.12.12"]
[SourceQuality "1"]

1. e4 c5 2. Nc3 d6 3. g3 Nc6 4. Bg2 Nf6 5. d3 e5 6. Bg5 Be7 7. Bxf6 Bxf6 8. Nge2 Be6 9. 0-0 0-0 10. Kh1 Nd4 11. Nxd4 cxd4 12. Nd5 Bxd5 13. exd5 g6 14. f4 exf4 15. Rxf4 Be5 16. Rf2 f5 17. Qf3 Qg5 18. Re1 f4 19. g4 Qh4 20. Rxe5 dxe5 21. Re2 Rae8 22. d6 Qd8 23. Qd5+ Rf7 24. Rxe5 Rxe5 25. Qxe5 f3 26. Bh3 Qh4 27. d7 f2 28. Qe8+ Rf8 29. Qe6+ Rf7 30. Qe8+ 1/2-1/2

[Event "Montevideo Trebejos op 10"]
[Site "Montevideo"]
[Date "2017.10.03"]
[Round "1"]
[White "Fernandez Cuneo, Carlos"]
[Black "Avedisian, Alexander"]
[Result "0-1"]
[WhiteElo "1663"]
[BlackElo "1883"]
[PlyCount "66"]
[EventDate "2017.10.03"]
[EventType "swiss"]
[EventRounds "6"]
[EventCountry "URU"]
[SourceTitle "CBM 181 Extra"]
[Source "ChessBase"]
[SourceDate "2017.12.12"]
[SourceVersion "1"]
[SourceVersionDate "2017.12.12"]
[SourceQuality "1"]

1. e4 c5 2. Nf3 g6 3. c3 d5 4. exd5 Qxd5 5. d4 Bg7 6. Bb5+ Bd7 7. c4 Qe4+ 8. Be3 cxd4 9. Nbd2 Qd3 10. Bf4 Bxb5 11. cxb5 Qxb5 12. Nb3 e5 13. Bd2 Nf6 14. a4 Qd5 15. 0-0 0-0 16. Re1 Nc6 17. Rc1 Nd7 18. Ng5 b6 19. h4 Nc5 20. Nxc5 bxc5 21. Ne4 c4 22. Bh6 Nb4 23. Qf3 f5 24. Bxg7 Kxg7 25. Ng5 Qxf3 26. gxf3 Nd3 27. Ne6+ Kf6 28. Nxf8 Rxf8 29. Rcd1 Nxe1 30. Rxe1 Rb8 31. Re2 d3 32. Rd2 Rxb2 33. Rxb2 c3 0-1

[Event "Montevideo Municipal op"]
[Site "Montevideo"]
[Date "2017.09.13"]
[Round "7"]
[White "Silva Rosas, Natalia"]
[Black "Fernandez Cuneo, Carlos"]
[Result "1-0"]
[WhiteElo "1835"]
[BlackElo "1680"]
[PlyCount "65"]
[EventDate "2017.08.30"]
[EventType "swiss"]
[EventRounds "7"]
[EventCountry "URU"]
[SourceTitle "CBM 180 Extra"]
[Source "ChessBase"]
[SourceDate "2017.10.06"]
[SourceVersion "1"]
[SourceVersionDate "2017.10.06"]
[SourceQuality "1"]

1. e4 c5 2. Nc3 d6 3. f4 Nc6 4. Nf3 Nf6 5. Bc4 e6 6. 0-0 Be7 7. d3 0-0 8. Qe1 d5 9. exd5 exd5 10. Bb3 Be6 11. Ng5 Bf5 12. Ne2 h6 13. Nf3 c4 14. dxc4 dxc4 15. Bxc4 Bxc2 16. Be3 Ng4 17. Qc1 Be4 18. h3 Nf6 19. Ne5 Rc8 20. Rd1 Qc7 21. Nxf7 Rxf7 22. Be6 Rd8 23. Qc4 Rxd1+ 24. Rxd1 Bb4 25. Ng3 Bg6 26. Bf2 Qe7 27. f5 Bh5 28. Nxh5 Nxh5 29. Rd7 Ne5 30. Qc8+ Kh7 31. Rxe7 Bxe7 32. Bxf7 Nxf7 33. Qe8 1-0

[Event "Montevideo Bouza Memorial"]
[Site "Montevideo"]
[Date "2017.07.14"]
[Round "2"]
[White "Souto, Andres"]
[Black "Fernandez Cuneo, Carlos"]
[Result "1-0"]
[WhiteElo "1344"]
[BlackElo "1717"]
[PlyCount "149"]
[EventDate "2017.07.12"]
[EventType "swiss"]
[EventRounds "7"]
[EventCountry "URU"]
[SourceTitle "EXT 2018"]
[Source "ChessBase"]
[SourceDate "2017.10.13"]
[SourceVersion "1"]
[SourceVersionDate "2017.10.13"]
[SourceQuality "1"]

1. e4 c5 2. c4 Nc6 3. Nf3 Nf6 4. d3 e6 5. Be2 Be7 6. b3 d5 7. Nbd2 d4 8. Bb2 e5 9. 0-0 0-0 10. Ne1 h6 11. f4 Nh7 12. fxe5 Nxe5 13. Ndf3 Ng4 14. Bc1 f5 15. h3 fxe4 16. dxe4 Ngf6 17. e5 Ne4 18. Nd3 Nc3 19. Bd2 Ne4 20. Bf4 Nhg5 21. Nxg5 hxg5 22. Bh2 Nc3 23. Qe1 Bf5 24. g4 Be4 25. Qd2 Bc6 26. Nf2 b5 27. Nd1 Rxf1+ 28. Bxf1 Qf8 29. Nxc3 dxc3 30. Qxc3 bxc4 31. Bxc4+ Kh8 32. Rf1 Qd8 33. Bg3 a6 34. Kh2 Bb5 35. Rf7 Be8 36. Rf3 Qd1 37. Rf1 Qd8 38. Qf3 Rc8 39. Bd3 Bb5 40. Rd1 Qf8 41. Qe4 Bxd3 42. Rxd3 Rd8 43. Kg2 Qe8 44. Rxd8 Qxd8 45. Qe2 a5 46. a4 Qd5+ 47. Qf3 Qd2+ 48. Bf2 Qb2 49. e6 Bf6 50. Qa8+ Kh7 51. Qxa5 Qxb3 52. Qxc5 Qxe6 53. Qf5+ Qxf5 54. gxf5 Bd8 55. Kf3 Kh6 56. Kg4 g6 57. fxg6 Kxg6 58. Be1 Bb6 59. a5 Ba7 60. a6 Bd4 61. Bd2 Kh6 62. Bxg5+ Kg6 63. Bf4 Ba7 64. h4 Kf6 65. h5 Kg7 66. Kg5 Kh7 67. Kf6 Bd4+ 68. Kf7 Ba7 69. h6 Bc5 70. Kf6 Bd4+ 71. Kg5 Ba7 72. Kh5 Bc5 73. Bb8 Be3 74. a7 Bxa7 75. Bxa7 1-0

[Event "Montevideo Trebejos Autumn op"]
[Site "Montevideo"]
[Date "2017.04.24"]
[Round "1"]
[White "Fernandez Cuneo, Carlos"]
[Black "Ibanez, Marcelo"]
[Result "0-1"]
[WhiteElo "1714"]
[BlackElo "2019"]
[PlyCount "70"]
[EventDate "2017.04.24"]
[EventType "swiss"]
[EventRounds "7"]
[EventCountry "URU"]
[SourceTitle "CBM 178 Extra"]
[Source "ChessBase"]
[SourceDate "2017.06.22"]
[SourceVersion "1"]
[SourceVersionDate "2017.06.22"]
[SourceQuality "1"]

1. e4 d6 2. d4 Nf6 3. Bd3 Nc6 4. Nf3 e5 5. c3 Bg4 6. dxe5 dxe5 7. Be3 Be7 8. 0-0 Bxf3 9. gxf3 a6 10. Bc4 Qc8 11. Bd5 Nxd5 12. exd5 Nd8 13. Nd2 0-0 14. Ne4 f5 15. d6 cxd6 16. Qd5+ Qe6 17. Qxe6+ Nxe6 18. Nd2 f4 19. Bb6 Rac8 20. a4 a5 21. b4 Rxc3 22. bxa5 Rd3 23. Rfd1 Nd4 24. Kg2 Rc8 25. Rac1 Rxc1 26. Rxc1 Rxd2 27. Rc8+ Kf7 28. Rc7 Ra2 29. Rxb7 Rxa4 30. Bd8 Nc6 31. Bxe7 Nxe7 32. Ra7 d5 33. a6 Ra1 34. Ra8 d4 35. a7 Nc6 0-1

[Event "Montevideo Trebejos op 03"]
[Site "Montevideo"]
[Date "2017.03.14"]
[Round "5"]
[White "Rijo, Pedro"]
[Black "Fernandez Cuneo, Carlos"]
[Result "0-1"]
[WhiteElo "1529"]
[BlackElo "1724"]
[PlyCount "64"]
[EventDate "2017.03.06"]
[EventType "swiss"]
[EventRounds "7"]
[EventCountry "URU"]
[SourceTitle "CBM 177 Extra"]
[Source "ChessBase"]
[SourceDate "2017.04.27"]
[SourceVersion "1"]
[SourceVersionDate "2017.04.27"]
[SourceQuality "1"]

1. e4 c5 2. Nf3 d6 3. d4 cxd4 4. Nxd4 a6 5. Nc3 Nf6 6. Be3 Nc6 7. h3 e5 8. Nf3 Be7 9. Bc4 0-0 10. 0-0 Be6 11. Bxe6 fxe6 12. Ng5 Qd7 13. Qe2 h6 14. Nf3 d5 15. exd5 exd5 16. Bd2 e4 17. Nh2 Bd6 18. Rad1 Rae8 19. a3 d4 20. Na2 d3 21. Qe1 Nd4 22. cxd3 exd3 23. Be3 Nc2 24. Qd2 Nxe3 25. fxe3 Ne4 26. Rxf8+ Rxf8 27. Qc1 Bxh2+ 28. Kxh2 Qd6+ 29. Kg1 Nf2 30. Rd2 Qg3 31. Qc4+ Kh8 32. Qe6 Nxh3+ 0-1

[Event "Montevideo Trebejos op 03"]
[Site "Montevideo"]
[Date "2017.03.07"]
[Round "2"]
[White "Fernandez, Hector Antonio"]
[Black "Fernandez Cuneo, Carlos"]
[Result "1-0"]
[WhiteElo "1839"]
[BlackElo "1724"]
[PlyCount "80"]
[EventDate "2017.03.06"]
[EventType "swiss"]
[EventRounds "7"]
[EventCountry "URU"]
[SourceTitle "CBM 177 Extra"]
[Source "ChessBase"]
[SourceDate "2017.04.27"]
[SourceVersion "1"]
[SourceVersionDate "2017.04.27"]
[SourceQuality "1"]

1. e4 c5 2. Nf3 d6 3. d4 cxd4 4. Nxd4 a6 5. Nc3 Nf6 6. Bc4 e5 7. Nf3 Be7 8. 0-0 0-0 9. h3 Nc6 10. Be3 Be6 11. Bb3 b5 12. Ng5 Bxb3 13. axb3 h6 14. Nf3 b4 15. Na4 Rb8 16. Qd3 a5 17. Rfd1 Qc7 18. Nd2 Rfd8 19. Nc4 d5 20. exd5 Rxd5 21. Qf5 Nd4 22. Bxd4 exd4 23. Qf3 Bc5 24. Nxc5 Rxc5 25. Rxd4 Re8 26. Rad1 a4 27. Ne3 axb3 28. cxb3 Rc1 29. Rxb4 Rd8 30. Rc4 Rcxd1+ 31. Nxd1 Qd6 32. Ne3 Qd2 33. Nf5 Qxb2 34. Rc6 Qb1+ 35. Kh2 Kh7 36. Nxg7 Rg8 37. Qxf6 Qg6 38. Qf5 Qxf5 39. Nxf5 Rb8 40. Rxh6+ Kg8 1-0

[Event "Montevideo Trebejos op 03"]
[Site "Montevideo"]
[Date "2017.03.06"]
[Round "1"]
[White "Fernandez Cuneo, Carlos"]
[Black "Caitano, Martin Joel"]
[Result "1/2-1/2"]
[WhiteElo "1724"]
[BlackElo "2030"]
[PlyCount "46"]
[EventDate "2017.03.06"]
[EventType "swiss"]
[EventRounds "7"]
[EventCountry "URU"]
[SourceTitle "CBM 177 Extra"]
[Source "ChessBase"]
[SourceDate "2017.04.27"]
[SourceVersion "1"]
[SourceVersionDate "2017.04.27"]
[SourceQuality "1"]

1. e4 g6 2. d4 Bg7 3. Nf3 d6 4. Be2 a6 5. c4 Nd7 6. Nc3 c5 7. d5 Ngf6 8. 0-0 0-0 9. Bf4 Nh5 10. Be3 Rb8 11. Ng5 Nhf6 12. h3 h6 13. Nf3 Ne8 14. Qd2 Kh7 15. Nh2 Ndf6 16. f4 b5 17. e5 Ng8 18. Nf3 bxc4 19. Bxc4 Nc7 20. Rab1 Bf5 21. Bd3 Bxd3 22. Qxd3 Nb5 23. Ne4 f5 1/2-1/2

[Event "Montevideo Cuartos Trebejos"]
[Site "Montevideo"]
[Date "2017.01.23"]
[Round "4.5"]
[White "Diano, Gabriel"]
[Black "Fernandez Cuneo, Carlos"]
[Result "1-0"]
[WhiteElo "1777"]
[BlackElo "1731"]
[PlyCount "59"]
[EventDate "2017.01.16"]
[EventType "swiss"]
[EventRounds "6"]
[EventCountry "URU"]
[SourceTitle "EXT 2024"]
[Source "ChessBase"]
[SourceDate "2023.10.10"]
[SourceVersion "1"]
[SourceVersionDate "2023.10.10"]
[SourceQuality "1"]

1. e4 c5 2. Nf3 d6 3. d4 cxd4 4. Nxd4 a6 5. Nc3 Nf6 6. f3 e5 7. Nb3 Be7 8. Be3 0-0 9. Qd2 b5 10. 0-0-0 Be6 11. g4 Nc6 12. g5 Nh5 13. Kb1 Rc8 14. Rg1 g6 15. Nd5 Bxd5 16. exd5 Nb8 17. Bh3 Nd7 18. Na5 f5 19. gxf6 Rxf6 20. Nc6 Rxc6 21. dxc6 Nb6 22. Bg5 Rxf3 23. Bxe7 Qxe7 24. Bg4 Rf4 25. Bxh5 Nc4 26. Qd5+ Kg7 27. Be2 Ne3 28. Qxd6 Qxd6 29. Rxd6 Rf2 30. c7 1-0